Tâm lí học hoạt động và khả năng ứng dụng vào lĩnh vực dạy học

সংরক্ষণ করুন:
গ্রন্থ-পঞ্জীর বিবরন
প্রধান লেখক: Phan Trọng Ngọ
বিন্যাস: গ্রন্থ
ভাষা:Undetermined
প্রকাশিত: Hà Nội Đại học Quốc gia Hà Nội 2000
বিষয়গুলি:
ট্যাগগুলো: ট্যাগ যুক্ত করুন
কোনো ট্যাগ নেই, প্রথমজন হিসাবে ট্যাগ করুন!
Thư viện lưu trữ: Trung tâm Học liệu Trường Đại học Cần Thơ
LEADER 00728nam a2200193Ia 4500
001 CTU_40591
008 210402s9999 xx 000 0 und d
020 |b 17.500đ 
082 |a 370.15 
082 |b Ng400 
100 |a Phan Trọng Ngọ 
245 0 |a Tâm lí học hoạt động và khả năng ứng dụng vào lĩnh vực dạy học 
245 0 |c Phan Trọng Ngọ, Dương Diệu Hoa, Nguyễn Thị Mùi 
260 |a Hà Nội 
260 |b Đại học Quốc gia Hà Nội 
260 |c 2000 
650 |a educational psychology,learning, psychology of,thought and thinking 
904 |i Nguyễn Quang Điền, 010322 
980 |a Trung tâm Học liệu Trường Đại học Cần Thơ